000 00923cam a2200229 4500
008 010921n2001 000 0 eng u
020 _a0415246423
035 _a(Sirsi) u114775
041 _aeng
050 _a658.404
100 _aMasterman, J.
245 _aIntroduction to building procurement systems
250 _a2nd ed.
260 _aLondon
_bSpon
_c2001
300 _axv,239p.
_c24cm.
350 _a29.99
520 _aDescribes the procurement aspect of project implementation, examines the needs and requirements of clients, considers the selection of the most appropriate procurement system, and suggests likely future trends in procurement, providing students and newly qualified professionals with an introduction to building procurement systems, their strengths and weaknesses.
650 _aBUILDING PROCUREMENT
650 _aPROCUREMENT SYSTEMS
690 _aProcurement
_96260
942 _n0
999 _c101674
_d101674